000 00362 a2200157 4500
001 73606
020 _a8588543-31-1
040 _cAnchieta - Colégio São Paulo
100 _aJúnior, Antonio de Assis
240 1 0 _aO segredo da morta
_lpor
245 1 0 _aO segredo da morta
300 _a216
362 0 _a2004
650 4 _aFicção portuguesa
942 _cBK
999 _c73606
_d73606